| 000 | 00956nam a2200253 i 4500 | ||
|---|---|---|---|
| 001 | 88927 | ||
| 003 | ES-MaACL | ||
| 005 | 20250905101957.0 | ||
| 007 | t| | ||
| 008 | 041230s1992 sp ||||1| spa d | ||
| 020 | _a84-7483-835-5 | ||
| 080 | _a75 Laffón, Carmen (083.824) | ||
| 100 | 1 |
_aLaffón, Carmen. _969484 |
|
| 245 | 1 | 0 |
_aBodegones, figuras y paisajes : _b[exposición], 13 de mayo-13 de julio 1992, Museo Nacional Reina Sofía / _cCarmen Laffón. |
| 260 |
_aMadrid : _bMuseo Nacional Reina Sofía : _bFundación Cultural Mapfre Vida, _c[1992] |
||
| 300 |
_a293 p. : _bprincipalmente il. col. y n. ; _c28 cm. |
||
| 504 | _aBibliografía: p. 291-293. | ||
| 546 | _aTexto en español e inglés. | ||
| 600 | 1 | 4 |
_aLaffón, Carmen- _vExposiciones. _969485 |
| 710 | 2 |
_aMuseo Nacional Centro de Arte Reina Sofía _9147737 |
|
| 710 | 2 |
_aFundación Cultural Mapfre Vida. _9173980 |
|
| 852 | 4 |
_aES-MaACL _jE-10767 |
|
| 999 |
_c88927 _d88927 |
||